000 01399nam a22002537a 4500
999 _c59443
_d59443
003 Ge_BSU
005 20230217112454.0
008 230216b xxu||||| |||| 00| 0 geo d
020 _a9994062158
041 _ageo
080 _a343.25 ფ-85
100 _aფოული, კონორ
_916953
245 _aწამების დასამარცხებლად :
_bსახელმძღვ. მოსამართლეებისა და პროკურორებისათვის /
_cკონორ ფოული ; [რედ.: გიორგი ჯოხაძე, ლაშა ჭელიძე ; საქ. სახალხო დამცველის აპარატი].
264 _aთბილისი :
_bსი-ჯი-ეს,-ში
_c2006.
300 _a278 გვ. ;
_b20 სმ.
490 _aსახალხო დამცველის ბიბლიოთეკა
504 _aბიბლიოგრ. ტექსტ. შენიშვნ.
653 _aწამება
653 _aსამართალი
700 _aჯოხაძე, გიორგი
_eრედაქტორი
_916910
700 _aჭელიძე, ლაშა
_eრედაქტორი
_91297
710 _aსაქ. სახალხო დამცველის აპარატი
_916954
942 _2udc
_cBK